EU-Länder - Sudden Death - Statistiken

Allgemein
  • Dieses Quiz wurde 635 mal gespielt
  • Das Durchschnittsergebnis liegt bei 20 aus 27
Answers on the Grid
Answers color-coded by a green-red scale on the quiz's grid according to % correct below.
Albanien
Andorra
Belgien
Bosnien und Herzegowina
Bulgarien
Dänemark
Deutschland
Estland
Finnland
Frankreich
Griechenland
Irland
Italien
Kroatien
Lettland
Litauen
Luxemburg
Malta
Moldawien
Niederlande
Österreich
Polen
Portugal
Rumänien
Russland
Schweden
Slowakei
Slowenien
Spanien
Tschechien
Türkei
Ungarn
Vereinigtes Königreich
Weißrussland
Zypern
 
Antwortstatistiken
Antwort % Korrekt
Belgien
91%
Deutschland
91%
Frankreich
89%
Italien
88%
Dänemark
84%
Griechenland
84%
Niederlande
83%
Österreich
83%
Portugal
82%
Spanien
82%
Luxemburg
80%
Kroatien
78%
Polen
76%
Estland
75%
Finnland
75%
Irland
75%
Lettland
72%
Tschechien
71%
Litauen
70%
Slowakei
69%
Slowenien
69%
Ungarn
69%
Schweden
68%
Rumänien
64%
Bulgarien
63%
Malta
57%
Zypern
43%
Keine übereinstimmenden Quizze gefunden
Verteilung der Resultate
Anzahl Personen mit jedem Resultat
Perzentil nach korrekt beantworteten Fragen
Ihre Resultats-Entwicklung
Sie haben dieses Quiz noch nicht gespielt